00534nam a2200133Ia 4500008004100000100002100041245010900062245007900171260005300250260001300303300000800316650001500324856006100339170221s9999 xx 000 0 und d aMumtaz Ali Memon aLevel of Stress and Job Satisfaction among Call Operators: A Case of Malaysian Telecommunication Sector  cMumtaz Ali Memon, Hiram Ting, Rohani Salleh, Jati Kasuma Ali, Yusman Yacob bInternational Review of Management and Marketing cMay 2014 a3:2 xMarketing. uhttp://www.econjournals.com/index.php/irmm/issue/view/82